000 00815nam a2200241 a 4500
999 _c7653
_d7653
003 PK-NaQUE
005 20260325143036.0
008 260325b ||||| |||| 00| 0 eng d
020 _a0415383501 (hardcover)
020 _a9780415383509 (hardcover)
040 _cQUEST
100 1 _aMelerski, Edmund S.
245 1 0 _aDesign Analysis of Beams, Circular Plates and Cylindrical Tanks on Elastic Foundations
250 _a2nd ed.
260 _a[S.l.] :
_bCRC Press,
_c2006.
300 _a304 p. ;
650 _aStructural analysis (Engineering)--Data processing
650 _aFoundations--Mathematical models
650 _aTanks--Mathematical models
650 _aElastic analysis (Engineering)--Data processing
856 4 0 _uhttp://10.10.170.122:8080/browse/book/29393
_yDownload eBook
942 _cBK
_2ddc